Statistics for Friday Night Funkin - Monster Lyrics

Click here to take the quiz!

General Stats

  • This quiz has been taken 23 times
  • The average score is 16 of 25

Answer Stats

Lyrics% Correct
And so is your {girlfriend}
94%
Guess it’s {time}
94%
Hey man, I’m gonna eat your {girlfriend}
94%
Call into the {night}
76%
Or maybe turn her into {broth}
76%
Stuff em up inside of my secret {meat} box
76%
What’s out there, past your {darkened} door?
76%
You better plug in all your {nightlights}
76%
Hey man, I’m gonna tear your {eyes} out
71%
Find my {hands} across your body
65%
Just the eyes floating up out of the {shore}
65%
You’re just a little {snack}
65%
But I’m not {Satan}
59%
Kill a {kid}, cut em up
59%
Kill a {kid}, cut em up
59%
To the {werewolf}
59%
And then I’ll {boil} your girlfriend
53%
Give all your {blood} to him
53%
You’ll meet your {friends}
53%
Inside the {ambulance}
47%
{Slowly} peel your skin off
47%
Stuff em up inside of my burning {dungeon}
47%
Stand under the warm {street} {light}
41%
I would give you guys a little {break}
35%
Let yourself be {hypnotized}
35%

Score Distribution

Percentile by Number Answered

Percent of People with Each Score

Your Score History

You have not taken this quiz